<?xml version="1.0" encoding="UTF-8"?>
<collection xmlns="http://www.loc.gov/MARC21/slim">
    <record>
        <controlfield tag="001">64106</controlfield>
        <controlfield tag="005">20171221155210.0</controlfield>
        <datafield tag="037" ind1=" " ind2=" ">
            <subfield code="a">TAZ-TFG-2017-3167</subfield>
        </datafield>
        <datafield tag="041" ind1=" " ind2=" ">
            <subfield code="a">spa</subfield>
        </datafield>
        <datafield tag="100" ind1="1" ind2=" ">
            <subfield code="a">Clemente Salvador, Miguel Ángel</subfield>
        </datafield>
        <datafield tag="242" ind1="0" ind2="0">
            <subfield code="a">Dynamical fiber-bundle models. Comparison between two approaches</subfield>
        </datafield>
        <datafield tag="245" ind1="0" ind2="0">
            <subfield code="a">Modelos dinámicos de haces de fibras. Comparación entre dos métodos de cálculo</subfield>
        </datafield>
        <datafield tag="260" ind1=" " ind2=" ">
            <subfield code="a">Zaragoza</subfield>
            <subfield code="b">Universidad de Zaragoza</subfield>
            <subfield code="c">2017</subfield>
        </datafield>
        <datafield tag="506" ind1=" " ind2=" ">
            <subfield code="a">by-nc-sa</subfield>
            <subfield code="b">Creative Commons</subfield>
            <subfield code="c">3.0</subfield>
            <subfield code="u">http://creativecommons.org/licenses/by-nc-sa/3.0/</subfield>
        </datafield>
        <datafield tag="520" ind1=" " ind2=" ">
            <subfield code="a">En este trabajo se estudia la dinámica de la rotura de un conjunto de elementos interactuantes bajo un esquema de reparto de carga local en modelos de haces de fibras. El interés de estos modelos reside en la modelización de las características macroscópicas de materiales reales sometidos a esfuerzos, partiendo de una descripción microscópica. En concreto, se realizan simulaciones de Monte Carlo para estudiar, desde un enfoque estadístico, los tiempos de rotura del sistema, así como otros aspectos como la presencia o ausencia de punto crítico en una y en dos dimensiones. Este estudio se realiza utilizando dos algoritmos diferentes: el método estándar de Monte Carlo y el nuevo método "radiactivo". Otro de los objetivos principales es la comparación de resultados con estos dos algoritmos. Los resultados obtenidos muestran que el método "radiactivo" ofrece ventajas significativas respecto al otro (aunque la dinámica de ambos es similar). También se demuestra que en una dimensión no hay punto crítico pero en dos dimensiones sí, por lo que la dimensión crítica de los modelos dinámicos con transferencia local de cargas es de 2.</subfield>
        </datafield>
        <datafield tag="521" ind1=" " ind2=" ">
            <subfield code="a">Graduado en Física</subfield>
        </datafield>
        <datafield tag="540" ind1=" " ind2=" ">
            <subfield code="a">Derechos regulados por licencia Creative Commons</subfield>
        </datafield>
        <datafield tag="700" ind1=" " ind2=" ">
            <subfield code="a">Fernández-Pacheco Pérez, Amalio</subfield>
            <subfield code="e">dir.</subfield>
        </datafield>
        <datafield tag="700" ind1=" " ind2=" ">
            <subfield code="a">Gómez Jiménez, Javier</subfield>
            <subfield code="e">dir.</subfield>
        </datafield>
        <datafield tag="710" ind1="2" ind2=" ">
            <subfield code="a">Universidad de Zaragoza</subfield>
            <subfield code="b">Física Teórica</subfield>
            <subfield code="c">Física de la Tierra</subfield>
        </datafield>
        <datafield tag="856" ind1="0" ind2=" ">
            <subfield code="f">679562@celes.unizar.es</subfield>
        </datafield>
        <datafield tag="856" ind1="4" ind2=" ">
            <subfield code="s">2204722</subfield>
            <subfield code="u">http://zaguan.unizar.es/record/64106/files/TAZ-TFG-2017-3167.pdf</subfield>
            <subfield code="y">Memoria (spa)</subfield>
        </datafield>
        <datafield tag="856" ind1="4" ind2=" ">
            <subfield code="s">817730</subfield>
            <subfield code="u">http://zaguan.unizar.es/record/64106/files/TAZ-TFG-2017-3167_ANE.pdf</subfield>
            <subfield code="y">Anexos (spa)</subfield>
        </datafield>
        <datafield tag="909" ind1="C" ind2="O">
            <subfield code="o">oai:zaguan.unizar.es:64106</subfield>
            <subfield code="p">driver</subfield>
            <subfield code="p">trabajos-fin-grado</subfield>
        </datafield>
        <datafield tag="950" ind1=" " ind2=" ">
            <subfield code="a"></subfield>
        </datafield>
        <datafield tag="951" ind1=" " ind2=" ">
            <subfield code="a">deposita:2017-12-21</subfield>
        </datafield>
        <datafield tag="980" ind1=" " ind2=" ">
            <subfield code="a">TAZ</subfield>
            <subfield code="b">TFG</subfield>
            <subfield code="c">CIEN</subfield>
        </datafield>
    </record>

    
</collection>